| 000 | 00986nam a22002057a 4500 | ||
|---|---|---|---|
| 999 |
_c59160 _d59160 |
||
| 003 | Ge_BSU | ||
| 005 | 20221201132157.0 | ||
| 008 | 221201s1980ge xxu||||| |||| 00| 0 geo d | ||
| 041 | _ageo | ||
| 080 | _a615.83 კ-64 | ||
| 100 |
_aკობახიძე, ზურაბ, ავტ. _916278 |
||
| 245 |
_aფიზიოთერაპიის თეორიული საფუძვლებისათვის : _b (ზოგად-მეთოდოლოგიური ასპექტები) / _c ზურაბ კობახიძე, რედ. ლ. ხარებაშვილი |
||
| 264 |
_aთბილისი : _bსაბჭ. საქართველო, _c1980. |
||
| 300 |
_a203გვ. ; _b 20 სმ. |
||
| 520 | _aრეზ. რუს. | ||
| 653 | _aფიზიოთერაპია. | ||
| 653 | _aმედიცინა | ||
| 700 |
_aხარებაშვილი, ლ _eრედაქტორი _916279 |
||
| 942 |
_2udc _cBK |
||